000 00415nam a2200157Ia 4500
008 240729s9999 xx 000 0 und d
022 _a2816-802X
245 4 _aThe Burney Journal
260 _aCanada
260 _bMcGill University
650 _a English literature
650 _aLanguage and Literature
856 _uhttps://doaj.org/toc/0e303b5f83e84878922b4a0f03eb8a04
942 _2ddc
942 _cDOAJEJ
999 _c73144
_d73144
945 _a1
_bMadushi Gamage
_c1
_dMadushi Gamage